Score 0/11 Timer 01:00
0 Plays Today
Clue 4-letter answer % Correct
Angel ____ cakeFOOD
93.7%
IgnoramusFOOL
81%
Have an affection or liking forFOND
79.3%
Stumble uponFIND
75.2%
Come down to earthLAND
67.2%
PosteriorHIND
64.3%
Nathan of 'The Birdcage' LANE
62.8%
French moonLUNE
62.1%
★ Second word ★HAND
60.6%
★ First word of a Paul Newman classic ★COOL
60.4%
★ Third word ★LUKE
53.4%

Today's Daily Dose

Remove Ads.
Support Sporcle.
Get the best of Sporcle when you Go Orange. This ad-free experience offers more features, more stats, and more fun while also helping to support Sporcle. Thank you for becoming a member.

You're not logged in!

Compare scores with friends on all Sporcle quizzes.
OR
Log In

Show Comments

Extras

Top Quizzes Today


Score Distribution

Your Account Isn't Verified!

In order to create a playlist on Sporcle, you need to verify the email address you used during registration. Go to your Sporcle Settings to finish the process.

Report this User

Report this user for behavior that violates our Community Guidelines.

Details: